Statistics for Every Song by Supergrass

Click here to take the quiz!

General Stats

  • This quiz has been taken 19 times
    (16 since last reset)
  • The average score is 40 of 80

Answer Stats

AlbumSong% Correct
I Should Coco(1995)Alright
100%
Supergrass(1999)Moving
100%
Diamond Hoo Ha(2008)Diamond Hoo Ha Man
75%
In It for the Money(1997)In It for the Money
75%
Supergrass(1999)Mary
75%
I Should Coco(Bonus)(1995)Odd?
75%
Road to Rouen(2005)Road to Rouen
75%
Road to Rouen(2005)St. Petersburg
75%
In It for the Money(Bonus)(1997)20ft Halo
50%
Diamond Hoo Ha(2008)345
50%
Diamond Hoo Ha(2008)Bad Blood
50%
Supergrass(1999)Beautiful People
50%
Supergrass(1999)Born Again
50%
Life on Other Planets(2002)Brecon Beacons
50%
Diamond Hoo Ha(2008)Butterfly
50%
Life on Other Planets(2002)Can't Get Up
50%
I Should Coco(1995)Caught by the Fuzz
50%
In It for the Money(1997)Cheapskate
50%
Road to Rouen(2005)Coffee in the Pot
50%
Supergrass(1999)Eon
50%
Life on Other Planets(2002)Evening of the Day
50%
Supergrass(1999)Faraway
50%
Road to Rouen(2005)Fin
50%
Life on Other Planets(2002)Funniest Thing
50%
Diamond Hoo Ha(2008)Ghost of a Friend
50%
In It for the Money(1997)Going Out
50%
Life on Other Planets(2002)Grace
50%
In It for the Money(1997)G-Song
50%
In It for the Money(1997)Hollow Little Reign
50%
I Should Coco(1995)I'd Like to Know
50%
In It for the Money(1997)It's Not Me
50%
Supergrass(1999)Jesus Came from Outta Space
50%
Road to Rouen(2005)Kick in the Teeth
50%
Supergrass is 10(2004)Kiss of Life
50%
Life on Other Planets(2002)La Song
50%
In It for the Money(1997)Late in the Day
50%
I Should Coco(1995)Lenny
50%
I Should Coco(1995)Lose It
50%
Supergrass(1999)Mama & Papa
50%
I Should Coco(1995)Mansize Rooster
50%
In It for the Money(Bonus)(1997)Melanie Davis
50%
Life on Other Planets(2002)Never Done Nothing Like That Before
50%
Diamond Hoo Ha(2008)Outside
50%
Life on Other Planets(2002)Prophet 15
50%
Supergrass(1999)Pumping on Your Stereo
50%
Diamond Hoo Ha(2008)Rebel in You
50%
In It for the Money(1997)Richard III
50%
Diamond Hoo Ha(2008)Rough Knuckle
50%
Road to Rouen(2005)Roxy
50%
Life on Other Planets(2002)Run
50%
Life on Other Planets(2002)Rush Hour Soul
50%
Road to Rouen(2005)Sad Girl
50%
Life on Other Planets(2002)Seen the Light
50%
In It for the Money(Bonus)(1997)Sex!
50%
I Should Coco(1995)She's So Loose
50%
Supergrass(1999)Shotover Hill
50%
I Should Coco(1995)Sitting Up Straight
50%
I Should Coco(1995)Sofa (of My Lethargy)
50%
In It for the Money(1997)Sometimes I Make You Sad
50%
I Should Coco(1995)Strange Ones
50%
In It for the Money(1997)Sun Hits the Sky
50%
Road to Rouen(2005)Tales of Endurance
50%
Diamond Hoo Ha(2008)The Return of...
50%
I Should Coco(1995)Time
50%
I Should Coco(1995)Time to Go
50%
In It for the Money(1997)Tonight
50%
In It for the Money(Bonus)(1997)Wait for the Sun
50%
I Should Coco(1995)We're Not Supposed To
50%
Supergrass(1999)What Went Wrong (In Your Head)
50%
Diamond Hoo Ha(2008)Whiskey & Green Tea
50%
In It for the Money(1997)You Can See Me
50%
Supergrass(1999)Your Love
50%
Life on Other Planets(2002)Za
50%
Life on Other Planets(Bonus)(2002)Electric Cowboy
25%
Road to Rouen(2005)Low C
25%
In It for the Money(Bonus)(1997)Nothing More's Gonna Get in My Way
25%
Diamond Hoo Ha(2008)When I Needed You
25%
Supergrass is 10(2004)Bullet
0%
In It for the Money(Bonus)(1997)Je Suis Votre Papa Sucre
0%
Life on Other Planets(Bonus)(2002)Velvetine
0%

Score Distribution

Percentile by Number Answered

Percent of People with Each Score

Your Score History

You have not taken this quiz since the last reset